MARC
| LEADER | 00000cam a2200000 7i4500 | ||
|---|---|---|---|
| 001 | 0000009748 | ||
| 002 | 000010614 | ||
| 005 | 20000330.0 | ||
| 020 | |a 9836238964 | ||
| 090 | 0 | 0 | |a 658.3 |b POO |
| 100 | 1 | |a Poon, June M.L | |
| 245 | 1 | 0 | |a Pengurusan Sumber Manusia |
| 999 | |a 054374 |b BUKU |c PINJAMAN |e PERPUSTAKAAN KOMUNITI CAW KOTA DAMANSARA | ||
| 999 | |a 054375 |b BUKU |c PINJAMAN |e PERPUSTAKAAN KOMUNITI CAW KOTA DAMANSARA | ||